Gandhi is gone : (Record no. 5421)

MARC details
000 -LEADER
fixed length control field 00940 a2200229 4500
010 ## - LCCN (DPL NO)
LC control number ENG-86861
020 ## - INTERNATIONAL STANDARD BOOK NUMBER
International Standard Book Number 8178241897
Terms of availability 295.00
035 ## - SYSTEM CONTROL NUMBER
System control number EN-70394
035 ## - SYSTEM CONTROL NUMBER
System control number B-284305
037 ## - SOURCE OF ACQUISITION
Source of stock number/acquisition DBAD / PUB
037 ## - SOURCE OF ACQUISITION
Source of stock number/acquisition Aakar Books
082 14 - DEWEY DECIMAL CLASSIFICATION NUMBER
Classification number 301.153
245 1# - TITLE STATEMENT
Title Gandhi is gone :
Remainder of title who will guide us now? Nehru, Prasad, Azad, Vinoba, Kripalani, JP and other introspect Sevagram, March 1948 /
Statement of responsibility, etc ed. by Gopalakrishna Gandhi ; translated from Hindi by Gopal Gandhi [and] Rupert Snell
260 ## - PUBLICATION, DISTRIBUTION, ETC. (IMPRINT)
Place of publication, distribution, etc Ranikhet
Name of publisher, distributor, etc Permanent Black
Date of publication, distribution, etc 2007
270 ## - ADDRESS
Address Himalayana, Mall Road, Ranikhet Cantt
City Ranikhet
Postal code 263645
Electronic mail address perblack @gmail.com
300 ## - PHYSICAL DESCRIPTION
Extent 192 p
Dimensions 21 cm (Hb)
700 1# - ADDED ENTRY--PERSONAL NAME
Personal name Gandhi, Gopalkrishna
9 (RLIN) 25924
700 1# - ADDED ENTRY--PERSONAL NAME
Personal name Gandhi Gopal
9 (RLIN) 25925
700 1# - ADDED ENTRY--PERSONAL NAME
Personal name Snell, Rupert
9 (RLIN) 25926
942 ## - ADDED ENTRY ELEMENTS (KOHA)
Institution code [OBSOLETE] dpl
Item type English Books
Source of classification or shelving scheme Dewey Decimal Classification
Classification part 301.153
Call number suffix GAN
Holdings
Withdrawn status Lost status Not for loan Collection code Home library Current library Source of acquisition Cost, normal purchase price Full call number Barcode Copy number Cost, replacement price Koha item type Date acquired
    Not For Loan Non-fiction D.B.Act.Division D.B.Act.Division DBAD/PUB 295.00 301.153 GAN EN-70394 1 295.00 English Books  
      Non-fiction Vinoba Puri Vinoba Puri Aakar Books/I-253/1.8.08/154/21.7.08/13.8.08 295.00 301.153 GAN B-284305 1 295.00 English Books 14/02/2011

© Delhi Public Library
Hit Counter
free hit counter